000 00718nam a2200217Ia 4500
001 585
003 GE_BSU
008 181216s||||||||xx |||||||||||||| ||und||
040 _cGE_BSU
080 _a94(479.22)
100 _aთოფჩიშვილი,როლანდ
245 _aეთნოისტორიული ეტიუდები.წ.1
245 _cრედ.დ.მუსხელიშვილი;ნოდარ ასათიანი
260 _aთბილისი
260 _bენა და კულტურა
260 _c2005
300 _a333გვ.
541 _h10ლ.
653 _aეთნოისტორიული ეტიუდები
942 _cBK
999 _c34775
_d34775